000 00612nam a22001817a 4500
005 20250922091434.0
008 250918b |||||||| |||| 00| 0 eng d
020 _a9781032845463
082 _aDC 418.0201 W271 2025
100 _aWashbourne, Kelly.
_967765
245 _aTranslators on translation :
_bportraits of the art /
_cKelly Washbourne.
260 _aNew York :
_bRoutledge,
_c©2025.
300 _aix, 231 pages :
_billustrations ;
_c23 cm.
500 _aIncludes references and index.
650 0 _aTranslators.
_967980
650 0 _aTranslating and interpreting
_vPhilosophy.
_967981
942 _2ddc
_cDC
999 _c23838
_d23838